LEADER 01240nam a22002891i 4500 001 991000613839707536 005 20040114154331.0 008 040220s1971 it |||||||||||||||||ita 035 $ab12644432-39ule_inst 035 $aARCHE-064278$9ExL 040 $aDip.to Scienze pedagogiche$bita$cA.t.i. Arché s.c.r.l. Pandora Sicilia s.r.l. 082 04$a303.4 100 1 $aMoore, Wilbert Ellis$033765 245 13$aIl mutamento sociale /$cWilbert E. Moore 260 $aBologna :$bil Mulino,$cc1971 300 $a183 p. ;$c22 cm 440 3$aLa nuova scienza.$pSerie di sociologia 500 $aEd. ital. a cura di Stefano Draghi ; traduzione di Danilo Giori. 650 4$aMutamento sociale 907 $a.b12644432$b02-04-14$c17-03-04 912 $a991000613839707536 945 $aLE022 MP 75 F 23 bis$g2$i2022000085809$lle022$o-$pE0.00$q-$rl$s- $t0$u0$v0$w0$x0$y.i13148436$z17-03-04 945 $aLE022 MP 75 F 23$g1$i2022000085816$lle022$o-$pE0.00$q-$rl$s- $t0$u0$v0$w0$x0$y.i13148448$z17-03-04 945 $aLE022 MPs-S 124 A 9$g3$i2022000185240$lle022$o-$pE0.00$q-$rl$s- $t0$u0$v0$w0$x0$y.i1314845x$z17-03-04 996 $aMutamento sociale$9274150 997 $aUNISALENTO 998 $ale022$b17-03-04$cm$da $e-$fita$git $h3$i3 LEADER 03337nam 22004095 450 001 9910838284603321 005 20250627121326.0 010 $a3-658-14828-4 024 7 $a10.1007/978-3-658-14828-7 035 $a(CKB)5600000000439257 035 $a(DE-He213)978-3-658-14828-7 035 $a(EXLCZ)995600000000439257 100 $a20231016d2016 u| 0 101 0 $ager 135 $aurnn|008mamaa 181 $ctxt$2rdacontent 182 $cc$2rdamedia 183 $acr$2rdacarrier 200 10$aTop Girls $eFeminismus und der Aufstieg des neoliberalen Geschlechterregimes /$fvon Angela McRobbie 205 $a2nd ed. 2016. 210 1$aWiesbaden :$cSpringer Fachmedien Wiesbaden :$cImprint: Springer VS,$d2016. 215 $a1 online resource (XXIX, 221 S.) 225 1 $aGeschlecht und Gesellschaft,$x2512-0905 ;$v67 311 08$a3-658-14827-6 327 $aAmbivalenzen der Sichtbarkeit ? Einleitung zur deutschen Ausgabe -- Was kommt nach dem Feminismus? -- Postfeminismus und Populärkultur: Bridget Jones und die neue Geschlechterordnung -- Ist der Feminismus am Ende? Die Politik der Desartikulation -- Top Girls? Junge Frauen und der neue Geschlechtervertrag -- Unlesbare Wut: Postfeministische Störungen -- ?What not to wear? und postfeministische symbolische Gewalt -- Fazit: Innerhalb und außerhalb der feministischen Wissenschaft. 330 $aMit dieser fulminanten Studie über den gegenwärtigen Zustand des Feminismus und seiner Verhandlung in der Populärkultur nimmt Angela McRobbie das zeitgenössische Aufatmen über das ,Ende des Feminismus? kritisch ins Visier. Nicht zuletzt sei dies auch eine Folge davon, dass boshafte Retraditionalisierungen von Geschlechterregimes die (kulturelle) Oberhand gewinnen. McRobbie analysiert empirisch, wie sich Konsum- und Populärkultur Rhetoriken und Bilder von weiblicher Freiheit und Autonomie aneignen und damit vordergründig den Erfolg von Frauen zu unterstützen scheinen. Doch McRobbies Tiefenbohrungen in die Welten von Bridget Jones und Heidi Klum zeigen, dass Frauen faktisch in neue, post-feministische ,neurotische? Abhängigkeiten gedrängt und (wieder einmal) degradiert werden. Scharfzüngig analysiert die Autorin kulturelle Phänomene und deren widersprüchliche Wirkungen im Alltag von Frauen: Modephotographie, Fernsehserien, die ,Bearbeitung? des Körpers und deren Zusammenhangmit Essstörungen, ,sinnloser Wut?, Körperhysterie. Angela McRobbie wird mit diesem Buch ihrer Position als prominente feministische Stimme und Klassikerin der Cultural Studies einmal mehr gerecht. Die Autorin Angela McRobbie ist Professorin für Kommunikationswissenschaften am Goldsmith College University of London. Die Herausgeberinnen Sabine Hark, Soziologin, ist Professorin für Interdisziplinäre Frauen- und Geschlechterforschung an der TU Berlin. Paula-Irene Villa, Soziologin, ist Professorin für Allg. Soziologie und Gender Studies an der LMU München. 410 0$aGeschlecht und Gesellschaft,$x2512-0905 ;$v67 606 $aSex 606 $aGender Studies 615 0$aSex. 615 14$aGender Studies. 676 $a305.3 700 $aMcRobbie$b Angela$4aut$4http://id.loc.gov/vocabulary/relators/aut$0142405 906 $aBOOK 912 $a9910838284603321 996 $aTop Girls$94403368 997 $aUNINA